000 00551ntaaa2200193 4500
003 01
005 20251027202444.0
008 0714s1973 ag 01
040 _aAR-BaBN
_bspa
_cAR-BaBN
_eaacr
_dRIC
082 _a266.0250 M38
100 _aMason, Caroline Atwater
_99378
245 _aCrusade of compassion for the healing of the nations
250 _a1 ed.
260 _aWest Medford, Mass. :
_bUnited Study of Foreign Missions,
_cc1919
300 _a240 p.
500 _aestudio de misiones médicas
650 _aMisiones Médicas
942 _cBK
999 _c19535
_d19535